Estrangeiro aleatórios do futebol brasileiro - Statistics

Estatísticas Gerais
  • Esse quiz foi jogado 39 vezes
  • A pontuação média é 23 de 44
Estatísticas das Respostas
Imagem Resposta % Correto
Soteldo
94%
Romero
88%
Mascherano
85%
Borre
82%
Savarino
79%
Seedorf
79%
Calleri
76%
Chico Kim
76%
Felix Torres
74%
Valencia
71%
Canobbio
68%
braithwaite
65%
Mercado
65%
Loide
62%
Otero
62%
Barcos
59%
Benitez
59%
Carrascal
59%
Bolasie
56%
Guerra
56%
Serna
56%
Isla
53%
Terans
53%
Barrios
50%
Miguelito
50%
Villasanti
50%
Joel Carli
47%
Trauco
47%
Anibal Moreno
44%
Alan Franco
38%
Copete
38%
Nuno Moreira
35%
Carneiro
32%
Centurion
32%
Lodeiro
32%
Mastriani
29%
Tapia
29%
Trellez
29%
Orejuela
26%
Casares
24%
jhegson méndez
24%
Mena
24%
Enzo Dias
18%
Lucero
15%
Nenhum quiz correspondente encontrado
Distribuição das Pontuações
Porcentagem de Pessoas com Cada Pontuação
Percentil de Números Respondidos
Sua Pontuação Histórica
Você não jogou esse quiz